| Tag |
First Indicator |
Second Indicator |
Subfields |
| LEADER |
00000cam a22000001a 4500 |
| 001 |
in00003284921 |
| 006 |
m d f |
| 007 |
cr bn mmmapmmp |
| 008 |
110909s2006 dcua ob f000 0 eng d |
| 005 |
20260604203407.3 |
| 035 |
|
|
|a chdc200600228
|
| 040 |
|
|
|a ProQuest
|c ProQuest
|d UtOrBLW
|
| 043 |
|
|
|a n-us---
|
| 074 |
|
|
|a 1019-A-01
|
| 074 |
|
|
|a 1019-A-01 (online)
|
| 074 |
|
|
|a 1019-B-01 (MF)
|
| 074 |
|
|
|a 1019-B-01 (online)
|
| 088 |
|
|
|a Serial no. 109-125 (United States. Congress. House. Committee on Energy and Commerce)
|
| 099 |
|
|
|a HRG-2006-HEC-0008
|
| 110 |
1 |
|
|a United States.
|b Congress.
|b House.
|b Committee on Energy and Commerce.
|b Subcommittee on Telecommunications and the Internet.
|
| 245 |
1 |
0 |
|a H.R. 5785, the Warning, Alert, and Response Network Act of 2006 :
|b hearing before the Subcommittee on Telecommunications and the Internet of the Committee on Energy and Commerce, House of Representatives, One Hundred Ninth Congress, second session, July 20, 2006.
|
| 246 |
3 |
0 |
|a Warning, Alert, and Response Network Act of 2006
|
| 246 |
3 |
|
|a HR 5785, the Warning, Alert, and Response Network Act of 2006
|
| 264 |
|
1 |
|a Washington :
|b U.S. G.P.O. :
|c 2006.
|
| 264 |
|
2 |
|a Washington :
|b For sale by the Supt. of Docs., U.S. G.P.O.,
|
| 300 |
|
|
|a 1 online resource.
|
| 336 |
|
|
|a text
|b txt
|2 rdacontent
|
| 337 |
|
|
|a computer
|b c
|2 rdamedia
|
| 338 |
|
|
|a online resource
|b cr
|2 rdacarrier
|
| 500 |
|
|
|a Distributed to some depository libraries in microfiche.
|
| 500 |
|
|
|a Shipping list number unavailable.
|
| 500 |
|
|
|a "Serial number 109-125."
|
| 504 |
|
|
|a Includes bibliographical references.
|
| 530 |
|
|
|a Also available via Internet from the GPO Access web site. Address as of 11/30/06: http://frwebgate.access.gpo.gov/cgi-bin/getdoc.cgi?dbname=109%5Fhouse%5Fhearings&docid=f:30532.pdf; current access available via PURL.
|
| 500 |
|
|
|a Reuse of record except for individual research requires license from ProQuest, LLC.
|
| 500 |
|
|
|a Electronic resource.
|
| 538 |
|
|
|a System requirements: PDF reader software.
|
| 650 |
|
0 |
|a Emergency communication systems
|x Law and legislation
|z United States.
|
| 650 |
|
0 |
|a Natural disaster warning systems
|x Law and legislation
|z United States.
|
| 655 |
|
7 |
|a Electronic books.
|2 local
|
| 710 |
2 |
|
|a ProQuest (Firm)
|
| 776 |
0 |
8 |
|i Print version:
|a United States.Congress.House.Committee on Energy and Commerce.Subcommittee on Telecommunications and the Internet.
|t H.R. 5785, the Warning, Alert, and Response Network Act of 2006
|w (DLC)2006470388
|w (OCoLC)ocm76827496
|w (OCoLC)76827496
|z 0160774934
|z 9780160774935
|
| 776 |
0 |
8 |
|i Microfiche version:
|a United States.Congress.House.Committee on Energy and Commerce.Subcommittee on Telecommunications and the Internet.
|t H.R. 5785, the Warning, Alert, and Response Network Act of 2006
|d [Bethesda, Md.] : ProQuest LLC, [2004]
|o CIS 2006 H361-92
|w (ProQuest)cis00600374
|
| 830 |
|
0 |
|a U.S. Congressional Hearings.
|
| 856 |
4 |
0 |
|u http://proxy.library.tamu.edu/login?url=https://congressional.proquest.com/congcomp/getdoc?HEARING-ID=HRG-2006-HEC-0008
|z Connect to the full text of this electronic book
|t 0
|
| 998 |
|
|
|a cis00600374
|
| 999 |
|
|
|a MARS
|
| 999 |
f |
f |
|s 58d0c4a1-b722-3dae-8e53-08250bfde75d
|i d3a3f161-06ee-3528-9304-ca8039cc480a
|t 0
|
| 952 |
f |
f |
|a Texas A&M University
|b College Station
|c Electronic Resources
|s www_evans
|d Available Online
|t 0
|e HRG-2006-HEC-0008
|h Other scheme
|
| 998 |
f |
f |
|a HRG-2006-HEC-0008
|t 0
|l Available Online
|